[Event "Petrov Mem Blitz 2015"]
[Site "Jurmala LAT"]
[Date "2015.03.06"]
[Round "4.7"]
[White "Kashtanov, Ruslan"]
[Black "Ehlvest, Jaan"]
[Result "0-1"]
[WhiteTitle "IM"]
[BlackTitle "GM"]
[WhiteElo "2328"]
[BlackElo "2547"]
[WhiteFideId "4124871"]
[BlackFideId "4500016"]
[EventDate "2015.03.06"]

1. e4 e5 2. Nf3 Nc6 3. Bc4 Nf6 4. d4 exd4 5. e5 Ne4 6. Qe2 Nc5 7. O-O Be7 8. Rd1
d5 9. exd6 Qxd6 10. b4 Ne6 11. b5 Nb4 12. c3 d3 13. Qb2 Nc2 14. Rxd3 Qc5 15.
Bxe6 Bxe6 16. Qxc2 Bf5 17. Nd4 Bxd3 18. Qxd3 O-O-O 19. Ba3 Qe5 20. Bxe7 Qe1+ 21.
Qf1 Qxe7 22. Nd2 Rhe8 23. Qc4 g6 24. h3 f5 25. a4 Qe5 26. a5 Qd5 27. Qa4 Qc5 28.
Qb3 Qd5 29. Nc4 Re7 30. a6 bxa6 31. bxa6 c5 32. Nf3 Re4 33. Nfd2 Re2 34. Rb1 Kd7
35. Qa4+ Ke6 36. Nf3 h6 37. Rb7 Re4 38. Qa3 Rxc4 39. Rxa7 g5 40. Qa5 Re4 41.
Qb6+ Qd6 42. Qb7 Rd7 43. Qxd7+ Qxd7 44. Rxd7 Kxd7 45. Nd2 Re8 46. Nc4 Kc6 47. a7
Ra8 48. Ne5+ Kd5 49. Nf7 Rxa7 50. Nxh6 Ke4 51. c4 f4 52. f3+ Ke5 0-1

[Event "Petrov Mem Blitz 2015"]
[Site "Jurmala LAT"]
[Date "2015.03.06"]
[Round "5.1"]
[White "Ehlvest, Jaan"]
[Black "Chigaev, Maksim"]
[Result "1-0"]
[WhiteTitle "GM"]
[BlackTitle "IM"]
[WhiteElo "2547"]
[BlackElo "2497"]
[WhiteFideId "4500016"]
[BlackFideId "4108116"]
[EventDate "2015.03.06"]

1. c4 g6 2. Nc3 Bg7 3. g3 c5 4. Bg2 Nc6 5. d3 d6 6. Rb1 h5 7. h3 Nh6 8. e3 Nf5
9. Nge2 Bd7 10. a3 a5 11. b3 e6 12. Bb2 O-O 13. O-O Rb8 14. Qd2 Qe7 15. Nb5 Bxb2
16. Rxb2 Ne5 17. d4 Bxb5 18. cxb5 cxd4 19. exd4 Nd7 20. Qxa5 Rfc8 21. Qd2 d5 22.
a4 Nf6 23. a5 Nd6 24. b6 Nfe4 25. Qe3 Ra8 26. Ra2 Nf5 27. Qd3 Qb4 28. Ra4 Qd6
29. Bxe4 dxe4 30. Qxe4 Qd7 31. Rfa1 Qb5 32. Qf3 Rab8 33. Rc1 Rxc1+ 34. Nxc1 Rc8
35. Ne2 Rc2 36. Rc4 Ra2 37. Rc5 Qxe2 38. Qxe2 Rxe2 39. a6 Nd6 40. Rc8+ Kg7 41.
a7 Ra2 42. a8=Q Rxa8 43. Rxa8 Kf6 44. Rd8 Ke7 45. Rg8 Kd7 46. h4 Kc6 47. f3 Kxb6
48. g4 Kc6 49. Kf2 Kd5 50. Ke3 Kc6 51. Kd3 f6 52. Rxg6 hxg4 53. fxg4 Kd5 54.
Rxf6 Ne4 55. Rf4 Nd6 56. h5 Ne8 57. h6 1-0

[Event "Petrov Mem Blitz 2015"]
[Site "Jurmala LAT"]
[Date "2015.03.06"]
[Round "5.2"]
[White "Przybylski, Wojciech"]
[Black "Yevseev, Denis"]
[Result "0-1"]
[WhiteTitle "FM"]
[BlackTitle "GM"]
[WhiteElo "2378"]
[BlackElo "2515"]
[WhiteFideId "1117599"]
[BlackFideId "4126378"]
[EventDate "2015.03.06"]

1. e4 c6 2. Nc3 d5 3. Nf3 Bg4 4. h3 Bxf3 5. Qxf3 e6 6. d4 Nf6 7. Bg5 Be7 8.
O-O-O Nxe4 9. Bxe7 Qxe7 10. Nxe4 dxe4 11. Qxe4 Nd7 12. Be2 O-O-O 13. Bf3 Nf6 14.
Qe5 Qd6 15. Rhe1 Qxe5 16. Rxe5 Rd6 17. c3 Rhd8 18. Kc2 Kc7 19. b4 Nd7 20. Re3 a5
21. a3 Ra8 22. Kb3 b5 23. Be2 Nb6 24. Bd3 g6 25. Ree1 Rdd8 26. Ra1 Ra7 27. g4
Rda8 28. Kb2 Nd5 29. Rec1 Kd6 30. bxa5 Rxa5 31. c4 bxc4 32. Rxc4 Rb8+ 0-1

[Event "Petrov Mem Blitz 2015"]
[Site "Jurmala LAT"]
[Date "2015.03.06"]
[Round "5.5"]
[White "Lugovskoy, Maxim"]
[Black "Heberla, Bartlomiej"]
[Result "1/2-1/2"]
[WhiteTitle "IM"]
[BlackTitle "GM"]
[WhiteElo "2435"]
[BlackElo "2567"]
[WhiteFideId "24126454"]
[BlackFideId "1115120"]
[EventDate "2015.03.06"]

1. e4 c5 2. Nf3 e6 3. c3 d5 4. exd5 exd5 5. d4 Nf6 6. Bb5+ Bd7 7. Bxd7+ Nbxd7 8.
O-O Be7 9. dxc5 Nxc5 10. Nbd2 O-O 11. Nb3 Nce4 12. Nfd4 Re8 13. Bf4 Qb6 14. Re1
Bf8 15. Be3 Qc7 16. Qf3 a6 17. Nf5 Rad8 18. Bd4 Re6 19. Be3 Ree8 20. Bd4 Re6 21.
Be3 Ree8 22. Bd4 Re6 23. Be3 Ree8 24. Bd4 Re6 25. Be3 Ree8 26. Bd4 Re6 27. Be3
Ree8 28. Bd4 1/2-1/2

[Event "Petrov Mem Blitz 2015"]
[Site "Jurmala LAT"]
[Date "2015.03.06"]
[Round "5.6"]
[White "Fedoseev, Vladimir3"]
[Black "Meskovs, Nikita"]
[Result "1-0"]
[WhiteTitle "GM"]
[BlackTitle "IM"]
[WhiteElo "2674"]
[BlackElo "2450"]
[WhiteFideId "24130737"]
[BlackFideId "11602740"]
[EventDate "2015.03.06"]

1. e4 c5 2. Nf3 e6 3. d4 cxd4 4. Nxd4 a6 5. Nc3 Qc7 6. Bd3 Nf6 7. O-O d6 8. a4
b6 9. Nb3 Nbd7 10. f4 Be7 11. Qe2 Bb7 12. Bd2 g6 13. Kh1 h5 14. Nd1 Nc5 15. Nxc5
Qxc5 16. b4 Qc7 17. Nf2 h4 18. c4 Rh5 19. Qe3 a5 20. Be2 Rh8 21. bxa5 bxa5 22.
Bc3 Bc6 23. Bf3 Rh7 24. Rfb1 Nd7 25. Nd3 g5 26. fxg5 Qd8 27. Bd2 h3 28. Rg1 Rc8
29. gxh3 Rxh3 30. Nf2 Rh8 31. Bc3 Rh4 32. g6 fxg6 33. Rxg6 Nf8 34. Rg8 Ba8 35.
Be2 Rc5 36. Rag1 d5 37. Bd4 Qc8 38. cxd5 exd5 39. Bxc5 Bxc5 40. Rc1 Qb8 41.
Rxf8+ Bxf8 42. exd5+ Kd8 43. Qg5+ Kd7 44. Bb5+ 1-0

[Event "Petrov Mem Blitz 2015"]
[Site "Jurmala LAT"]
[Date "2015.03.06"]
[Round "5.7"]
[White "Van Wely, Loek"]
[Black "Shomoev, Anton"]
[Result "1-0"]
[WhiteTitle "GM"]
[BlackTitle "GM"]
[WhiteElo "2665"]
[BlackElo "2578"]
[WhiteFideId "1000268"]
[BlackFideId "4135148"]
[EventDate "2015.03.06"]

1. Nf3 g6 2. d4 Bg7 3. e4 d6 4. c4 c5 5. d5 e6 6. h3 Ne7 7. Bd3 O-O 8. O-O Nd7
9. Re1 h6 10. Nc3 a6 11. a4 g5 12. Ne2 Ng6 13. Ng3 Nf4 14. Bc2 Ne5 15. Nxe5 Bxe5
16. Nh5 Kh8 17. Ra3 Bd7 18. g3 Ng6 19. h4 gxh4 20. Qd2 Qg5 21. Qe2 Qe7 22. Qd2
Qg5 23. Qd1 Qe7 24. Qd2 Qg5 25. Qxg5 hxg5 26. Bxg5 hxg3 27. f4 Bd4+ 28. Kg2 f6
29. Bh6 Rg8 30. Rh1 exd5 31. exd5 f5 32. Bg5 Bf2 33. Nf6+ 1-0

[Event "Petrov Mem Blitz 2015"]
[Site "Jurmala LAT"]
[Date "2015.03.06"]
[Round "5.8"]
[White "Socko, Bartosz"]
[Black "Starostits, Ilmars"]
[Result "1/2-1/2"]
[WhiteTitle "GM"]
[BlackTitle "GM"]
[WhiteElo "2623"]
[BlackElo "2453"]
[WhiteFideId "1107038"]
[BlackFideId "11600748"]
[EventDate "2015.03.06"]

1. d4 d5 2. c4 c6 3. e3 Nf6 4. Nf3 Bf5 5. Nc3 e6 6. Nh4 Be4 7. f3 Bg6 8. Qb3 Qb6
9. Bd2 Qxb3 10. axb3 Bc2 11. Na4 Nbd7 12. cxd5 g5 13. dxe6 fxe6 14. Bc4 gxh4 15.
Bxe6 Ke7 16. Bh3 Bxb3 17. e4 Be6 18. Bxe6 Kxe6 19. Kf2 Rg8 20. Rhe1 Kf7 21. e5
Rd8 22. exf6 Nxf6 23. Be3 Bd6 24. Rh1 Nd5 25. Bd2 Bf4 26. Bxf4 Nxf4 27. g3 Ne6
28. Nc5 Nxc5 29. dxc5 Rd2+ 30. Ke3 Rxb2 31. Rxa7 Re8+ 32. Kd3 Re5 33. gxh4 Rxc5
34. Re1 Rb3+ 35. Kd4 Rd5+ 36. Kc4 Rb2 37. Re3 Kf6 38. Ra8 Rc2+ 39. Kb3 Rc1 40.
Kb2 Rh1 41. Re2 Kf7 42. Rh8 b5 43. Rxh7+ Kg6 44. Rc7 Rd6 45. Rc2 Kf5 46. Rc5+
Kf4 47. Rf7+ Ke3 48. Rc3+ Kd2 49. Rc2+ Kd3 50. h5 b4 51. Rg7 Rf6 52. Rd7+ Ke3
53. Re7+ Kd3 54. f4 Rxf4 55. Rd7+ Ke3 56. h6 Rh4 57. Re7+ Kd4 58. Kb3 Rb1+ 59.
Ka2 b3+ 60. Kxb1 bxc2+ 61. Kxc2 Rxh2+ 62. Kc1 Rxh6 63. Rg7 c5 64. Rg3 1/2-1/2

[Event "Petrov Mem Blitz 2015"]
[Site "Jurmala LAT"]
[Date "2015.03.06"]
[Round "6.1"]
[White "Yevseev, Denis"]
[Black "Ehlvest, Jaan"]
[Result "1/2-1/2"]
[WhiteTitle "GM"]
[BlackTitle "GM"]
[WhiteElo "2515"]
[BlackElo "2547"]
[WhiteFideId "4126378"]
[BlackFideId "4500016"]
[EventDate "2015.03.06"]

1. d4 Nf6 2. c4 e6 3. g3 c5 4. Nf3 cxd4 5. Nxd4 d5 6. Bg2 e5 7. Nf3 d4 8. O-O
Nc6 9. e3 Be7 10. exd4 exd4 11. Bf4 O-O 12. Ne5 Qb6 13. Qb3 Nd8 14. Na3 Qxb3 15.
axb3 Ne6 16. Nb5 a6 17. Rfd1 Rd8 18. Nf3 Nxf4 19. gxf4 d3 20. Ne5 Rb8 21. Nc3
Bf5 22. Nd5 Nxd5 23. Bxd5 Bf6 24. Bxf7+ Kf8 25. Bd5 Bxe5 26. fxe5 g5 27. Rd2 Ke7
28. Re1 Rd7 29. e6 Rd6 30. Re5 Kf6 31. Re3 Re8 32. f3 Re7 33. Kf2 a5 34. Kg3 Rb6
35. c5 Rb5 36. Bc4 Rxc5 37. Bxd3 Rd5 38. Rd1 h5 39. h4 gxh4+ 40. Kxh4 Rd4+ 41.
Kg3 h4+ 42. Kf2 b6 43. Rd2 Rxe6 44. Rxe6+ Bxe6 45. Ke3 Rb4 46. Bc2 Bxb3 47. Bxb3
Rxb3+ 48. Kf4 Rb4+ 49. Ke3 Kf5 50. Rd5+ Ke6 51. Rd2 Ke5 52. Rc2 Rb3+ 53. Kf2 a4
54. Rc4 Rxb2+ 55. Ke3 Rb3+ 56. Kf2 b5 57. Rxh4 a3 58. Rh5+ Kd4 1/2-1/2

[Event "Petrov Mem Blitz 2015"]
[Site "Jurmala LAT"]
[Date "2015.03.06"]
[Round "6.3"]
[White "Heberla, Bartlomiej"]
[Black "Fedoseev, Vladimir3"]
[Result "1-0"]
[WhiteTitle "GM"]
[BlackTitle "GM"]
[WhiteElo "2567"]
[BlackElo "2674"]
[WhiteFideId "1115120"]
[BlackFideId "24130737"]
[EventDate "2015.03.06"]

1. c4 e5 2. g3 Nf6 3. Bg2 Nc6 4. Nf3 Bc5 5. Nc3 O-O 6. O-O d6 7. d3 h6 8. a3 a6
9. b4 Ba7 10. e3 Rb8 11. Bb2 b5 12. Rc1 bxc4 13. dxc4 Ne7 14. Nd2 Bd7 15. Nb3
Qc8 16. Re1 Rd8 17. Nd5 Nexd5 18. cxd5 Ba4 19. Qd3 Bb6 20. h3 a5 21. Nd2 axb4
22. axb4 Qd7 23. Kh2 Bb5 24. Qc2 Ra8 25. Ra1 Ba4 26. Qd3 Qb5 27. Qc4 Ra6 28. Bf1
Qxc4 29. Nxc4 Bb5 30. Rxa6 Bxa6 31. Nxe5 Bxf1 32. Nc6 Ra8 33. Bxf6 gxf6 34. Rxf1
Ra2 35. Kg1 Rd2 36. g4 Kf8 37. Ra1 Rxd5 38. Ra8+ Kg7 39. Ne7 Rb5 40. Nf5+ Kh7
41. Rf8 Rxb4 42. Rxf7+ Kh8 43. Nxh6 Rb1+ 44. Kg2 Rb2 45. Re7 Ba5 46. Kf1 c5 47.
Nf7+ Kg8 48. Nxd6 Bb4 49. Nc4 Rc2 50. Re4 Kg7 51. h4 Kg6 52. Rf4 Bc3 53. Kg2 Be1
54. h5+ Kg5 55. Kg3 Bc3 56. Nd6 Kh6 57. Kf3 Be5 58. Nf7+ 1-0

[Event "Petrov Mem Blitz 2015"]
[Site "Jurmala LAT"]
[Date "2015.03.06"]
[Round "6.4"]
[White "Chigaev, Maksim"]
[Black "Van Wely, Loek"]
[Result "1-0"]
[WhiteTitle "IM"]
[BlackTitle "GM"]
[WhiteElo "2497"]
[BlackElo "2665"]
[WhiteFideId "4108116"]
[BlackFideId "1000268"]
[EventDate "2015.03.06"]

1. f4 d5 2. g3 Nf6 3. Bg2 g6 4. Nf3 Bg7 5. O-O O-O 6. d3 c5 7. Nc3 d4 8. Na4 Qc7
9. c3 dxc3 10. Nxc3 Nc6 11. Kh1 b6 12. e4 Ba6 13. e5 Ne8 14. a4 Qd7 15. Nb5 Nc7
16. Qb3 Na5 17. Qc3 Nxb5 18. axb5 Bxb5 19. Rd1 Nc6 20. d4 cxd4 21. Nxd4 Rac8 22.
Be3 Nxd4 23. Qxd4 Qg4 24. Rdc1 h5 25. Qe4 h4 26. Qf3 Qxf3 27. Bxf3 h3 28. Kg1
Rcd8 29. Rxa7 Rd3 30. Kf2 Rfd8 31. Rxe7 Bf8 1-0

[Event "Petrov Mem Blitz 2015"]
[Site "Jurmala LAT"]
[Date "2015.03.06"]
[Round "6.5"]
[White "Fridman, Daniel"]
[Black "Miezis, Normunds"]
[Result "1-0"]
[WhiteTitle "GM"]
[BlackTitle "GM"]
[WhiteElo "2647"]
[BlackElo "2496"]
[WhiteFideId "11600454"]
[BlackFideId "11600136"]
[EventDate "2015.03.06"]

1. d4 Nf6 2. c4 e5 3. dxe5 Ng4 4. e4 Nxe5 5. f4 Nec6 6. Nf3 g6 7. Nc3 Bg7 8. Bd3
d6 9. O-O O-O 10. Nd5 Nd7 11. Bc2 Nc5 12. f5 Re8 13. Bg5 f6 14. Bh4 gxf5 15.
exf5 Kh8 16. b4 Nd7 17. b5 Nce5 18. Nd4 Nc5 19. Qh5 Bd7 20. a4 Nxc4 21. Nf4 Ne5
22. Nde6 Qe7 23. Nd5 Qf7 24. Nxg7 Kxg7 25. Bxf6+ Kg8 26. Qg5+ Kf8 27. Qh6+ Kg8
28. Ra3 Ned3 29. Bxd3 1-0

[Event "Petrov Mem Blitz 2015"]
[Site "Jurmala LAT"]
[Date "2015.03.06"]
[Round "6.6"]
[White "Krakops, Maris"]
[Black "Shirov, Alexei"]
[Result "0-1"]
[WhiteTitle "GM"]
[BlackTitle "GM"]
[WhiteElo "2510"]
[BlackElo "2691"]
[WhiteFideId "11600462"]
[BlackFideId "2209390"]
[EventDate "2015.03.06"]

1. e4 c5 2. Nf3 Nc6 3. d4 cxd4 4. Nxd4 e5 5. Nb5 d6 6. c4 Be7 7. Bd3 a6 8. N5c3
Bg5 9. Nd2 Nf6 10. O-O Nd4 11. Nb3 Bxc1 12. Rxc1 Ne6 13. c5 dxc5 14. Nd5 Nxd5
15. exd5 Nf4 16. Nxc5 Bh3 17. gxh3 Qg5+ 18. Qg4 Nxh3+ 0-1

[Event "Petrov Mem Blitz 2015"]
[Site "Jurmala LAT"]
[Date "2015.03.06"]
[Round "6.7"]
[White "Sakaev, Konstantin"]
[Black "Gleizerov, Evgeny"]
[Result "1/2-1/2"]
[WhiteTitle "GM"]
[BlackTitle "GM"]
[WhiteElo "2594"]
[BlackElo "2531"]
[WhiteFideId "4104226"]
[BlackFideId "4101332"]
[EventDate "2015.03.06"]

1. Nf3 e6 2. g3 f5 3. Bg2 Nf6 4. O-O Be7 5. d4 O-O 6. b3 d5 7. c4 b6 8. Ba3 Bb7
9. Ne5 Bxa3 10. Nxa3 Qe7 11. Nc2 c5 12. Ne3 Ne4 13. f4 Nd7 14. cxd5 exd5 15.
Nxd7 Qxd7 16. Bxe4 fxe4 17. Rc1 Rac8 18. Qd2 Rfd8 19. b4 cxb4 20. Qxb4 Ba6 21.
Qd2 Bc4 22. f5 Rf8 23. Rf2 b5 24. Rcf1 Qd6 25. f6 gxf6 26. Ng4 Kh8 27. Rxf6 Qe7
28. Qh6 Rxf6 29. Rxf6 Qg7 30. Qf4 Bxe2 31. Ne5 Bh5 1/2-1/2

[Event "Petrov Mem Blitz 2015"]
[Site "Jurmala LAT"]
[Date "2015.03.06"]
[Round "6.8"]
[White "Sotsky, Alexander"]
[Black "Popov, Valerij"]
[Result "0-1"]
[WhiteTitle "IM"]
[BlackTitle "GM"]
[WhiteElo "2377"]
[BlackElo "2555"]
[WhiteFideId "4130715"]
[BlackFideId "4119410"]
[EventDate "2015.03.06"]

1. d4 d5 2. c3 Nf6 3. Bg5 e6 4. Nd2 h6 5. Bh4 c5 6. e3 Nc6 7. f4 g5 8. fxg5 Ne4
9. Nxe4 dxe4 10. Qg4 e5 11. Qxe4 hxg5 12. d5 Rxh4 13. Qf3 e4 14. Qf2 Qxd5 15. g3
Rh6 16. Bg2 Ne5 17. Qc2 Nd3+ 0-1

[Event "Petrov Mem Blitz 2015"]
[Site "Jurmala LAT"]
[Date "2015.03.06"]
[Round "7.2"]
[White "Shirov, Alexei"]
[Black "Yevseev, Denis"]
[Result "0-1"]
[WhiteTitle "GM"]
[BlackTitle "GM"]
[WhiteElo "2691"]
[BlackElo "2515"]
[WhiteFideId "2209390"]
[BlackFideId "4126378"]
[EventDate "2015.03.06"]

1. d4 d5 2. c4 c6 3. Nf3 Nf6 4. e3 Bf5 5. Nc3 e6 6. Nh4 Be4 7. f3 Bg6 8. Qb3 Qc7
9. Bd2 Be7 10. Rc1 dxc4 11. Bxc4 Nbd7 12. O-O Bh5 13. g4 Bg6 14. Ng2 Bd6 15. Nf4
Bxf4 16. exf4 O-O 17. Kg2 Rad8 18. h4 h5 19. f5 exf5 20. g5 Ne8 21. Ne2 Nb6 22.
Be3 Nd6 23. Bd3 f4 24. Bxg6 fxe3 25. Bxh5 Nf5 26. g6 Rxd4 27. gxf7+ Kh8 28. Bg4
Rd2 29. f4 Nd5 30. Bxf5 Rxe2+ 31. Kf3 Rd2 32. Qc4 Qxf7 33. Bg4 Qxf4+ 34. Qxf4
Rxf4+ 35. Kg3 Rxf1 36. Rxf1 Rxb2 37. Rf8+ Kh7 38. h5 Nf6 39. Bf5+ Kh6 40. Kf4
Rf2+ 0-1

[Event "Petrov Mem Blitz 2015"]
[Site "Jurmala LAT"]
[Date "2015.03.06"]
[Round "7.3"]
[White "Przybylski, Wojciech"]
[Black "Fridman, Daniel"]
[Result "0-1"]
[WhiteTitle "FM"]
[BlackTitle "GM"]
[WhiteElo "2378"]
[BlackElo "2647"]
[WhiteFideId "1117599"]
[BlackFideId "11600454"]
[EventDate "2015.03.06"]

1. e4 c6 2. Nc3 d5 3. Nf3 Bg4 4. h3 Bh5 5. exd5 cxd5 6. g4 Bg6 7. Ne5 Nc6 8. d4
e6 9. Bf4 Bb4 10. Nxc6 bxc6 11. Bg2 h5 12. g5 Ne7 13. Qd2 Nf5 14. h4 Qb6 15. a3
Be7 16. O-O-O O-O 17. Na4 Qb5 18. Nc3 Qa5 19. Bf3 Bxa3 20. Na2 Qa4 21. Qc3 Be7
22. Qb3 Qxb3 23. cxb3 c5 24. Be3 cxd4 25. Bxd4 Rac8+ 26. Nc3 Nxd4 27. Rxd4 Bc5
28. Rd2 Bb4 29. Kd1 Bxc3 30. bxc3 Rxc3 31. Ke2 Rxb3 32. Ra1 Rb7 33. Rda2 Rc8 34.
Kf1 Rc3 35. Kg2 Rbb3 36. Bd1 Be4+ 37. f3 Bxf3+ 38. Bxf3 Rxf3 39. Rxa7 Kh7 40.
g6+ Kxg6 41. R7a6 Rg3+ 42. Kf2 Rbf3+ 43. Ke2 Rf4 44. Rh1 Rgg4 45. Ke3 d4+ 46.
Kd3 Rxh4 47. Re1 Rh3+ 48. Kc4 d3+ 49. Kc3 Rg4 50. Ra5 Rf3 51. Ra8 Rg2 52. Rd1 h4
53. Rh8 h3 54. Rh4 d2+ 55. Kc2 h2 56. Rxd2 Rxd2+ 57. Kxd2 Rf2+ 58. Ke3 Ra2 59.
Kf3 f5 60. Kg3 e5 61. Rh8 Kg5 62. Rh7 g6 63. Rh8 e4 64. Rh7 f4+ 65. Kh3 h1=R# 0-1

[Event "Petrov Mem Blitz 2015"]
[Site "Jurmala LAT"]
[Date "2015.03.06"]
[Round "7.4"]
[White "Popov, Valerij"]
[Black "Heberla, Bartlomiej"]
[Result "1-0"]
[WhiteTitle "GM"]
[BlackTitle "GM"]
[WhiteElo "2555"]
[BlackElo "2567"]
[WhiteFideId "4119410"]
[BlackFideId "1115120"]
[EventDate "2015.03.06"]

1. c4 e5 2. g3 Nf6 3. Bg2 Bc5 4. Nc3 O-O 5. e3 Bb6 6. Nge2 c6 7. d4 d6 8. O-O
Qe7 9. h3 e4 10. g4 h6 11. b4 d5 12. cxd5 cxd5 13. Qb3 Rd8 14. a4 Bc7 15. Ba3
Bxg4 16. b5 Bd6 17. hxg4 Nxg4 18. Bxd6 Rxd6 19. Ng3 Qh4 20. Rfe1 Rf6 21. Nh1 Rg6
22. Nxd5 Qh2+ 23. Kf1 Rg5 24. Nf4 Nd7 25. Qc2 Ndf6 26. Rac1 Nh5 27. Qxe4 Nxf2
28. Kxf2 Qh4+ 29. Kf1 Rg4 30. Qxb7 Re8 31. Nxh5 Qxh5 32. Nf2 Rg6 33. Rc8 Rxc8
34. Qxc8+ Kh7 35. Be4 1-0

[Event "Petrov Mem Blitz 2015"]
[Site "Jurmala LAT"]
[Date "2015.03.06"]
[Round "7.6"]
[White "Lugovskoy, Maxim"]
[Black "Sakaev, Konstantin"]
[Result "1-0"]
[WhiteTitle "IM"]
[BlackTitle "GM"]
[WhiteElo "2435"]
[BlackElo "2594"]
[WhiteFideId "24126454"]
[BlackFideId "4104226"]
[EventDate "2015.03.06"]

1. e4 e6 2. d4 d5 3. Nc3 Nf6 4. e5 Nfd7 5. f4 c5 6. Nf3 Nc6 7. Be3 a6 8. Be2 b5
9. Qd2 b4 10. Nd1 Bb7 11. Nf2 Be7 12. O-O O-O 13. c3 bxc3 14. bxc3 Qc7 15. Bd3
g6 16. g4 Na5 17. f5 Nc4 18. Qe2 Rfe8 19. f6 Bf8 20. Nh3 Nxe3 21. Qxe3 cxd4 22.
cxd4 Nb6 23. Rac1 Nc4 24. Qf2 Rac8 25. Qh4 Qd7 26. Nfg5 h6 27. Bxg6 fxg6 28. f7+
Kh8 29. fxe8=Q Qxe8 30. Nf7+ Kh7 31. Nhg5+ Kg8 32. Nxh6+ 1-0

[Event "Petrov Mem Blitz 2015"]
[Site "Jurmala LAT"]
[Date "2015.03.06"]
[Round "7.7"]
[White "Gleizerov, Evgeny"]
[Black "Krasenkow, Michal"]
[Result "1-0"]
[WhiteTitle "GM"]
[BlackTitle "GM"]
[WhiteElo "2531"]
[BlackElo "2614"]
[WhiteFideId "4101332"]
[BlackFideId "1113100"]
[EventDate "2015.03.06"]

1. d4 g6 2. c4 Bg7 3. e4 d6 4. Nc3 Nc6 5. d5 Nd4 6. Nge2 c5 7. Be3 e5 8. dxe6
Nxe6 9. g3 Nf6 10. h3 O-O 11. Bg2 a6 12. a4 Ra7 13. O-O b6 14. Qd2 Rd7 15. f4
Bb7 16. f5 Nc7 17. g4 Re8 18. Ng3 Qa8 19. g5 Nh5 20. Nxh5 gxh5 21. f6 Bf8 22.
Nd5 Nxd5 23. cxd5 Rdd8 24. Qe2 Qc8 25. Rf4 Re5 26. Qxh5 Bxd5 27. Rh4 h6 28. exd5
Rxe3 29. g6 Rg3 30. g7 Bxg7 31. fxg7 Rxg7 32. Qxh6 f5 33. Re1 Qd7 34. Re6 Rf8
35. Kh2 f4 36. Bf3 Qxa4 37. Qh8+ Kf7 38. Bh5+ 1-0

[Event "Petrov Mem Blitz 2015"]
[Site "Jurmala LAT"]
[Date "2015.03.06"]
[Round "7.8"]
[White "Fedoseev, Vladimir3"]
[Black "Starostits, Ilmars"]
[Result "1-0"]
[WhiteTitle "GM"]
[BlackTitle "GM"]
[WhiteElo "2674"]
[BlackElo "2453"]
[WhiteFideId "24130737"]
[BlackFideId "11600748"]
[EventDate "2015.03.06"]

1. e4 c6 2. d4 d5 3. e5 Bf5 4. Nf3 e6 5. Be2 Nd7 6. O-O Ne7 7. Nbd2 Bg6 8. Nb3
Nf5 9. c3 h5 10. Ne1 h4 11. Nd3 h3 12. g3 Be7 13. Nf4 Nf8 14. Bg4 Bg5 15. Nxh3
Bxc1 16. Rxc1 Nh6 17. Nf4 Nxg4 18. Nxg6 Nxf2 19. Nxh8 Nxd1 20. Nxf7 Ne3 21. Nxd8
Nxf1 22. Rxf1 Rxd8 23. Nc5 Ke7 24. Nxb7 Rb8 25. Nd6 Nd7 26. Rf7+ Kd8 27. b4 g6
28. Rg7 Kc7 29. Rxg6 a5 30. a3 axb4 31. axb4 Ra8 32. h4 Ra3 33. h5 Rxc3 34. h6
Rc1+ 35. Kg2 Rc2+ 36. Kh3 Rc1 37. Rxe6 Nf8 38. Re7+ Kb6 39. Kg4 Rd1 40. Nf5 Kb5
41. Re8 Ng6 42. Kg5 1-0

[Event "Petrov Mem Blitz 2015"]
[Site "Jurmala LAT"]
[Date "2015.03.06"]
[Round "8.1"]
[White "Fridman, Daniel"]
[Black "Ehlvest, Jaan"]
[Result "1-0"]
[WhiteTitle "GM"]
[BlackTitle "GM"]
[WhiteElo "2647"]
[BlackElo "2547"]
[WhiteFideId "11600454"]
[BlackFideId "4500016"]
[EventDate "2015.03.06"]

1. d4 d6 2. e4 Nf6 3. Nc3 g6 4. f4 Bg7 5. Nf3 O-O 6. e5 Ne8 7. h4 Bg4 8. h5 gxh5
9. Be2 c5 10. d5 Nd7 11. Ng5 h6 12. Bxg4 hxg4 13. Qd3 f5 14. Ne6 Qa5 15. Nxf8
Nxf8 16. Qxf5 Qb4 17. Bd2 dxe5 18. fxe5 Qd4 19. Bf4 Nc7 20. Rd1 Qb4 21. Bxh6 e6
22. Qg5 Ne8 23. d6 Qxb2 24. Kd2 Nh7 25. Qxg4 Rd8 26. Bxg7 Nxg7 27. Rb1 1-0

[Event "Petrov Mem Blitz 2015"]
[Site "Jurmala LAT"]
[Date "2015.03.06"]
[Round "8.3"]
[White "Yevseev, Denis"]
[Black "Lugovskoy, Maxim"]
[Result "0-1"]
[WhiteTitle "GM"]
[BlackTitle "IM"]
[WhiteElo "2515"]
[BlackElo "2435"]
[WhiteFideId "4126378"]
[BlackFideId "24126454"]
[EventDate "2015.03.06"]

1. Nf3 d5 2. d4 Nf6 3. c4 e6 4. g3 Be7 5. Bg2 O-O 6. Qc2 dxc4 7. Nbd2 Bd7 8. Ne5
Nc6 9. Nxc6 Bxc6 10. Bxc6 bxc6 11. Qxc4 Qd5 12. O-O Rfd8 13. e3 c5 14. dxc5 Bxc5
15. Qxd5 Rxd5 16. Nc4 Rad8 17. b3 Ne4 18. Bb2 f6 19. Rfc1 e5 20. Kg2 Bb4 21. Rc2
Rd1 22. Rxd1 Rxd1 23. f3 Nc5 24. Rc1 Rxc1 25. Bxc1 Nd3 26. Bb2 Bc5 27. e4 Ne1+
28. Kf1 Nxf3 29. h4 g5 30. h5 Bd4 31. Bc1 Kf7 32. Ke2 Ng1+ 33. Kd3 Nf3 34. Ke2
g4 35. Bd2 Ke6 36. Bc1 f5 37. Kd3 f4 38. gxf4 g3 39. f5+ Kf6 40. Ne3 0-1

[Event "Petrov Mem Blitz 2015"]
[Site "Jurmala LAT"]
[Date "2015.03.06"]
[Round "8.5"]
[White "Chigaev, Maksim"]
[Black "Fedoseev, Vladimir3"]
[Result "0-1"]
[WhiteTitle "IM"]
[BlackTitle "GM"]
[WhiteElo "2497"]
[BlackElo "2674"]
[WhiteFideId "4108116"]
[BlackFideId "24130737"]
[EventDate "2015.03.06"]

1. e4 c5 2. Nf3 d6 3. d4 cxd4 4. Nxd4 Nf6 5. Nc3 a6 6. h3 e5 7. Nb3 Be7 8. g4 h6
9. Bg2 Nc6 10. f4 Be6 11. Nd5 O-O 12. g5 hxg5 13. fxg5 Nd7 14. h4 Nb6 15. c3 Rc8
16. Qe2 Nb8 17. O-O Bd7 18. Be3 Nxd5 19. exd5 Bb5 20. Qg4 Qd7 21. Qxd7 Nxd7 22.
Rf2 f5 23. gxf6 Nxf6 24. Bh3 Rc4 25. Be6+ Kh8 26. Na5 Rxh4 27. Nxb7 Bd3 28. Bg5
Rh5 29. Rh2 Rxh2 30. Kxh2 Rb8 31. Na5 Rxb2+ 32. Kg3 Ne4+ 33. Kf3 Nxg5+ 34. Ke3
Bh7 35. Rh1 Rxa2 36. Nc6 Bf6 37. Bf5 Kg8 38. Bxh7+ Nxh7 39. Rb1 Bg5+ 40. Ke4 Rf2
41. Rb8+ Kf7 42. Rb7+ Kg6 43. Ra7 Nf6+ 44. Kd3 Rf3+ 45. Kc4 Bd2 46. Rxa6 Rxc3+
47. Kb5 Rc5+ 48. Kb6 Nxd5+ 49. Kb7 Bg5 50. Nxe5+ Kf5 51. Nf7 Rc7+ 0-1